| 000 | 00451nam a2200157Ia 4500 | ||
|---|---|---|---|
| 008 | 180423s9999 xx 000 0 und d | ||
| 040 | _aPK-NaQUE | ||
| 100 | _a12ME07 | ||
| 100 | _aHaris Qureshi | ||
| 245 | 0 | _aCase Study of Coal Based Supercritical Technology for Power Generation At Jamshoro Thermal Power Station | |
| 260 | _aNawabshah | ||
| 260 | _bQUEST | ||
| 260 | _c2012 | ||
| 300 | _a57 | ||
| 700 | _aDepartment of Mechanical Engineering | ||
| 999 |
_c58528 _d58525 |
||